| 000 | 00840cam a2200265 i 4500 | ||
|---|---|---|---|
| 001 | 63304 | ||
| 005 | 20180714065653.0 | ||
| 008 | 140415s1991 mx r 000 0 spa d | ||
| 020 | _a9682317266 | ||
| 040 |
_aMX-PuUPA _bspa _erda _cMx-PuUPA _dMx-PuUPA |
||
| 041 | _aspa | ||
| 082 | 0 |
_a320.98 _bDIA |
|
| 100 | 1 |
_aDíaz Redondo, Regino, _eautor |
|
| 245 | 1 | 0 |
_aEntre dos océanos / _cpor Regino Díaz Redondo. |
| 250 | _aPrimera edición | ||
| 264 | 1 |
_aMéxico, D.F. : _bSiglo xxi Editores, _c1991 |
|
| 300 |
_a444 páginas ; _c21 cm. |
||
| 336 |
_atexto _2rdacontent |
||
| 337 |
_asin mediación _2rdamedia |
||
| 338 |
_avolumen _2rdacarrier |
||
| 490 | 0 | _aHistoria inmediata | |
| 651 | 4 |
_aAmérica Latina _xCondiciones sociales |
|
| 650 | 4 | _aEntrevistas | |
| 650 | 4 |
_aPolítica _zAmérica Latina _xCondiciones sociales |
|
| 999 |
_c63304 _d63304 |
||